000 nam a22 7a 4500
999 _c52587
_d52587
003 OSt
005 20220625102457.0
008 220625b xxu||||| |||| 00| 0 eng d
040 _cIIMT UNIVERSITY
100 _aKHAN.M.Y. & JAIN.P.K.
245 _aMANAGEMENT ACCOUNTING
260 _aNEW DELHI
_bT.M.H.
_c2010
300 _aVARIOUS
942 _2ddc
_c02